[Event "1st Merlin Lezajsk Chess Masters"]
[Site "Lezajsk"]
[Date "1899-12-30"]
[Round "9.8"]
[White "Zima, Teofil"]
[Black "Gaj, Szymon"]
[Result "1-0"]
[WhiteTitle "I++"]
[BlackTitle "I"]
[WhiteElo "1994"]
[BlackElo "1898"]

1. e4 c5 2. Nf3 d6 3. Bb5+ Bd7 4. Bxd7+ Qxd7 5. c4 Nf6 6. Nc3 g6 7. d4 cxd4 8.
Nxd4 Bg7 9. f3 Nc6 10. Be3 O-O 11. Qd3 Rfc8 12. b3 Rab8 13. O-O a6 14. Nxc6 bxc6
15. Rad1 Qc7 16. Bd4 Nd7 17. Bxg7 Kxg7 18. Qd4+ Kg8 19. Na4 Nb6 20. Nxb6 Qxb6
21. Qxb6 Rxb6 22. c5 dxc5 23. Rc1 Rd8 24. Rf2 Rb4 25. Rxc5 Rd1+ 26. Rf1 Rd2 27.
Ra5 Rbd4 28. g3 c5 29. Rf2 Rxf2 30. Kxf2 Rd2+ 31. Kg1 Kg7 32. Rxa6 e6 33. f4 Kf6
34. Ra5 h5 35. a4 Rb2 36. Rb5 Ke7 37. e5 Kd7 38. Rxc5 Rxb3 39. Kg2 Ra3 40. Ra5
Ke7 41. Ra8 Kd7 42. a5 Kc6 43. Ra7 Kd5 44. Rxf7 Rxa5 45. Rg7 h4 46. Rxg6 hxg3
47. hxg3 Ra6 48. Kf3 Rb6 49. Rg8 Rb3+ 50. Kg4 Ke4 51. Rd8 Rb7 52. Rg8 Rb3 53.
Rg6 Rb6 54. Kg5 Rb3 55. Kf6 Rb6 56. Rg7 Kf3 57. Re7 Kxg3 58. Rxe6 Rb4 59. f5 Kf4
60. Ra6 Rb8 61. Ra4+ 1-0

[Event "1st Merlin Lezajsk Chess Masters"]
[Site "Lezajsk"]
[Date "1899-12-30"]
[Round "9.9"]
[White "Bojczewski, Mateusz"]
[Black "Miasik, Adrian"]
[Result "1-0"]
[WhiteTitle "I+"]
[BlackTitle "I++"]
[WhiteElo "1922"]
[BlackElo "1946"]

1. e4 d6 2. d4 Nf6 3. Nc3 Nbd7 4. Nf3 e5 5. Rg1 g6 6. g4 Bg7 7. Be3 O-O 8. g5 Nh5
9. Be2 c6 10. Qd2 b5 11. dxe5 dxe5 12. Qd6 Nf4 13. Qxc6 Rb8 14. Bxb5 Qa5 15. O-O-O
Nb6 16. Bc5 Bb7 17. Qd6 Ba8 18. Bb4 Nc4 19. Bxa5 Nxd6 20. Rxd6 Rxb5 21. Nxb5 Bxe4
22. Nd2 Rb8 23. Rd8+ Rxd8 24. Bxd8 Bc6 25. Nc3 1-0